| 000 | 00414nam a22001457a 4500 | ||
|---|---|---|---|
| 999 |
_c5793 _d5793 |
||
| 008 | 170918b xxu||||| |||| 00| 0 eng d | ||
| 020 | _a0-273-70613-6 | ||
| 082 | _a658.16 CRA | ||
| 100 | _aCRAM, Tony | ||
| 245 |
_aSmater Pricing _bHow to Capture More Value in your Market _cTony Cram _hEnglish |
||
| 260 |
_aLondon _bPrentice Hall _c2006 |
||
| 300 |
_a215p _c24cm |
||
| 650 | _2Smarter Pricing | ||
| 942 |
_2ddc _cBOOKS |
||